000 00655nam a2200277Ia 4500
005 20260324122409.0
008 008 260324s9999 xx 000 0 eng d
020 _a9780203097274
037 _aEBOOK
040 _aCRL
040 _beng
040 _cCRL
041 _2eng
041 _aeng
084 _qCRL
100 _aMadelyn Travis
_91166283
245 0 _aJews and Jewishness in British Children's Literature
260 _bTaylor and Francis
260 _c2013
365 _a
365 _b255
856 _uhttp://www.taylorfrancis.com/books/9780203097274
942 _cEBOOK
999 _c1758996
_d1758996